<?xml version="1.0" encoding="UTF-8"?>
<record
    xmlns:xsi="http://www.w3.org/2001/XMLSchema-instance"
    xsi:schemaLocation="http://www.loc.gov/MARC21/slim http://www.loc.gov/standards/marcxml/schema/MARC21slim.xsd"
    xmlns="http://www.loc.gov/MARC21/slim">

  <leader>01365nas a2200265 454500</leader>
  <controlfield tag="001">20316</controlfield>
  <controlfield tag="005">20260407193506.0</controlfield>
  <controlfield tag="008">260407s2005####ag###########|||spa#d</controlfield>
  <controlfield tag="003">AR-UNSa-BCEJYS</controlfield>
  <datafield tag="040" ind1=" " ind2=" ">
    <subfield code="a">AR-UNSa-BCEJYS</subfield>
    <subfield code="b">spa</subfield>
    <subfield code="c">AR-UNSa-BCEJYS</subfield>
  </datafield>
  <datafield tag="080" ind1=" " ind2=" ">
    <subfield code="a">338</subfield>
    <subfield code="x">Situaci&#xF3;n econ&#xF3;mica. Pol&#xED;tica econ&#xF3;mica. Gesti&#xF3;n de la econom&#xED;a. Planificaci&#xF3;n de la econom&#xED;a. Producci&#xF3;n. Servicios. Precios</subfield>
  </datafield>
  <datafield tag="245" ind1="1" ind2="0">
    <subfield code="a">Documento de proyecto</subfield>
  </datafield>
  <datafield tag="264" ind1=" " ind2="1">
    <subfield code="a">Santiago de Chile :</subfield>
    <subfield code="b">Naciones Unidas</subfield>
    <subfield code="c">2005</subfield>
  </datafield>
  <datafield tag="310" ind1=" " ind2=" ">
    <subfield code="a">Numeraci&#xF3;n var&#xED;a: CEPAL reserva numeraci&#xF3;n para a&#xF1;os posteriores, por este motivo en algunos casos, no hay correlaci&#xF3;n entre a&#xF1;o y n&#xFA;mero
Puede haber n&#xFA;meros repetidos en diferentes a&#xF1;os, la numeraci&#xF3;n se sigue seg&#xFA;n figura en la p&#xE1;gina Web, la fecha de edici&#xF3;n es la que figura en la publicaci&#xF3;n</subfield>
  </datafield>
  <datafield tag="942" ind1=" " ind2=" ">
    <subfield code="c">SER</subfield>
  </datafield>
  <datafield tag="590" ind1=" " ind2=" ">
    <subfield code="a">niveau_biblio:s niveau_hierar:1</subfield>
  </datafield>
  <datafield tag="100" ind1="1" ind2=" ">
    <subfield code="a">Naciones Unidas. Comisi&#xF3;n Econ&#xF3;mica para Am&#xE9;rica Latina y el Caribe (CEPAL)</subfield>
  </datafield>
  <datafield tag="700" ind1="1" ind2=" ">
    <subfield code="a">C&#xE1;mara Argentina Fabricantes de Maquinarias Agr&#xED;colas</subfield>
  </datafield>
  <datafield tag="650" ind1=" " ind2=" ">
    <subfield code="a">Integraci&#xF3;n econ&#xF3;mica</subfield>
  </datafield>
  <datafield tag="650" ind1=" " ind2=" ">
    <subfield code="a">An&#xE1;lisis econ&#xF3;mico</subfield>
  </datafield>
  <datafield tag="650" ind1=" " ind2=" ">
    <subfield code="a">Pol&#xED;tica industrial</subfield>
  </datafield>
  <datafield tag="650" ind1=" " ind2=" ">
    <subfield code="a">MERCOSUR</subfield>
  </datafield>
  <datafield tag="650" ind1=" " ind2=" ">
    <subfield code="a">COMERCIO EXTERIOR</subfield>
  </datafield>
  <datafield tag="856" ind1="4" ind2="1">
    <subfield code="u">https://biblioeco.unsa.edu.ar/pmb/images/revistas/Mapa Biotecnol?gico de la Provincia de Cordoba.jpg</subfield>
    <subfield code="y">Imagen de portada</subfield>
    <subfield code="q">image/jpeg</subfield>
  </datafield>
  <datafield tag="999" ind1=" " ind2=" ">
    <subfield code="c">8538</subfield>
    <subfield code="d">8538</subfield>
  </datafield>
  <datafield tag="952" ind1=" " ind2=" ">
    <subfield code="0">0</subfield>
    <subfield code="1">0</subfield>
    <subfield code="4">0</subfield>
    <subfield code="7">0</subfield>
    <subfield code="a">BCEJYS</subfield>
    <subfield code="b">BCEJYS</subfield>
    <subfield code="c">17</subfield>
    <subfield code="d">2012-03-01</subfield>
    <subfield code="h">N&#xBA; 479 - mar. 2012</subfield>
    <subfield code="l">0</subfield>
    <subfield code="o">H338 DOC 479</subfield>
    <subfield code="p">R09485</subfield>
    <subfield code="r">2026-04-10 16:08:02</subfield>
    <subfield code="w">2026-04-10</subfield>
    <subfield code="y">RN</subfield>
  </datafield>
  <datafield tag="952" ind1=" " ind2=" ">
    <subfield code="0">0</subfield>
    <subfield code="1">0</subfield>
    <subfield code="4">0</subfield>
    <subfield code="7">0</subfield>
    <subfield code="a">BCEJYS</subfield>
    <subfield code="b">BCEJYS</subfield>
    <subfield code="c">17</subfield>
    <subfield code="d">2011-11-01</subfield>
    <subfield code="h">N&#xBA; 439 - nov. 2011</subfield>
    <subfield code="l">0</subfield>
    <subfield code="o">H338 DOC 439</subfield>
    <subfield code="p">R21629</subfield>
    <subfield code="r">2026-04-10 16:08:02</subfield>
    <subfield code="w">2026-04-10</subfield>
    <subfield code="y">RN</subfield>
  </datafield>
  <datafield tag="952" ind1=" " ind2=" ">
    <subfield code="0">0</subfield>
    <subfield code="1">0</subfield>
    <subfield code="4">0</subfield>
    <subfield code="7">0</subfield>
    <subfield code="a">BCEJYS</subfield>
    <subfield code="b">BCEJYS</subfield>
    <subfield code="c">17</subfield>
    <subfield code="d">2011-11-01</subfield>
    <subfield code="h">N&#xBA; 442 - nov. 2011</subfield>
    <subfield code="l">0</subfield>
    <subfield code="o">H338 DOC 442</subfield>
    <subfield code="p">R21628</subfield>
    <subfield code="r">2026-04-10 16:08:02</subfield>
    <subfield code="w">2026-04-10</subfield>
    <subfield code="y">RN</subfield>
  </datafield>
  <datafield tag="952" ind1=" " ind2=" ">
    <subfield code="0">0</subfield>
    <subfield code="1">0</subfield>
    <subfield code="4">0</subfield>
    <subfield code="7">0</subfield>
    <subfield code="a">BCEJYS</subfield>
    <subfield code="b">BCEJYS</subfield>
    <subfield code="c">17</subfield>
    <subfield code="d">2010-09-01</subfield>
    <subfield code="h">N&#xBA; 336 - sep. 2010</subfield>
    <subfield code="l">0</subfield>
    <subfield code="o">H338 DOC 336</subfield>
    <subfield code="p">R21636</subfield>
    <subfield code="r">2026-04-10 16:08:02</subfield>
    <subfield code="w">2026-04-10</subfield>
    <subfield code="y">RN</subfield>
  </datafield>
  <datafield tag="952" ind1=" " ind2=" ">
    <subfield code="0">0</subfield>
    <subfield code="1">0</subfield>
    <subfield code="4">0</subfield>
    <subfield code="7">0</subfield>
    <subfield code="a">BCEJYS</subfield>
    <subfield code="b">BCEJYS</subfield>
    <subfield code="c">17</subfield>
    <subfield code="d">2010-05-01</subfield>
    <subfield code="h">N&#xBA; 320 - mayo 2010</subfield>
    <subfield code="l">0</subfield>
    <subfield code="o">H338 DOC 320</subfield>
    <subfield code="p">R05312</subfield>
    <subfield code="r">2026-04-10 16:08:02</subfield>
    <subfield code="w">2026-04-10</subfield>
    <subfield code="y">RN</subfield>
  </datafield>
  <datafield tag="952" ind1=" " ind2=" ">
    <subfield code="0">0</subfield>
    <subfield code="1">0</subfield>
    <subfield code="4">0</subfield>
    <subfield code="7">0</subfield>
    <subfield code="a">BCEJYS</subfield>
    <subfield code="b">BCEJYS</subfield>
    <subfield code="c">17</subfield>
    <subfield code="d">2010-05-01</subfield>
    <subfield code="h">N&#xBA; 324 - mayo 2010</subfield>
    <subfield code="l">0</subfield>
    <subfield code="o">H338 DOC 324</subfield>
    <subfield code="p">R09458</subfield>
    <subfield code="r">2026-04-10 16:08:02</subfield>
    <subfield code="w">2026-04-10</subfield>
    <subfield code="y">RN</subfield>
  </datafield>
  <datafield tag="952" ind1=" " ind2=" ">
    <subfield code="0">0</subfield>
    <subfield code="1">0</subfield>
    <subfield code="4">0</subfield>
    <subfield code="7">0</subfield>
    <subfield code="a">BCEJYS</subfield>
    <subfield code="b">BCEJYS</subfield>
    <subfield code="c">17</subfield>
    <subfield code="d">2010-04-01</subfield>
    <subfield code="h">N&#xBA; 319 - abr. 2010</subfield>
    <subfield code="l">0</subfield>
    <subfield code="o">H338 DOC 319</subfield>
    <subfield code="p">R09481</subfield>
    <subfield code="r">2026-04-10 16:08:02</subfield>
    <subfield code="w">2026-04-10</subfield>
    <subfield code="y">RN</subfield>
  </datafield>
  <datafield tag="952" ind1=" " ind2=" ">
    <subfield code="0">0</subfield>
    <subfield code="1">0</subfield>
    <subfield code="4">0</subfield>
    <subfield code="7">0</subfield>
    <subfield code="a">BCEJYS</subfield>
    <subfield code="b">BCEJYS</subfield>
    <subfield code="c">17</subfield>
    <subfield code="d">2009-07-01</subfield>
    <subfield code="h">N&#xBA; 273 - jul. 2009</subfield>
    <subfield code="l">0</subfield>
    <subfield code="o">H338 DOC 273</subfield>
    <subfield code="p">R09482</subfield>
    <subfield code="r">2026-04-10 16:08:02</subfield>
    <subfield code="w">2026-04-10</subfield>
    <subfield code="y">RN</subfield>
  </datafield>
  <datafield tag="952" ind1=" " ind2=" ">
    <subfield code="0">0</subfield>
    <subfield code="1">0</subfield>
    <subfield code="4">0</subfield>
    <subfield code="7">0</subfield>
    <subfield code="a">BCEJYS</subfield>
    <subfield code="b">BCEJYS</subfield>
    <subfield code="c">17</subfield>
    <subfield code="d">2009-06-01</subfield>
    <subfield code="h">N&#xBA; 272 - jun. 2009</subfield>
    <subfield code="l">0</subfield>
    <subfield code="o">H338 DOC 272</subfield>
    <subfield code="p">R09483</subfield>
    <subfield code="r">2026-04-10 16:08:02</subfield>
    <subfield code="w">2026-04-10</subfield>
    <subfield code="y">RN</subfield>
  </datafield>
  <datafield tag="952" ind1=" " ind2=" ">
    <subfield code="0">0</subfield>
    <subfield code="1">0</subfield>
    <subfield code="4">0</subfield>
    <subfield code="7">0</subfield>
    <subfield code="a">BCEJYS</subfield>
    <subfield code="b">BCEJYS</subfield>
    <subfield code="c">17</subfield>
    <subfield code="d">2009-03-01</subfield>
    <subfield code="h">N&#xBA; 235 - mar. 2009</subfield>
    <subfield code="l">0</subfield>
    <subfield code="o">H338 DOC 235</subfield>
    <subfield code="p">R09484</subfield>
    <subfield code="r">2026-04-10 16:08:02</subfield>
    <subfield code="w">2026-04-10</subfield>
    <subfield code="y">RN</subfield>
  </datafield>
  <datafield tag="952" ind1=" " ind2=" ">
    <subfield code="0">0</subfield>
    <subfield code="1">0</subfield>
    <subfield code="4">0</subfield>
    <subfield code="7">0</subfield>
    <subfield code="a">BCEJYS</subfield>
    <subfield code="b">BCEJYS</subfield>
    <subfield code="c">17</subfield>
    <subfield code="d">2008-03-01</subfield>
    <subfield code="h">N&#xBA; 177 - mar. 2008</subfield>
    <subfield code="l">0</subfield>
    <subfield code="o">H338 DOC 177</subfield>
    <subfield code="p">R09477</subfield>
    <subfield code="r">2026-04-10 16:08:02</subfield>
    <subfield code="w">2026-04-10</subfield>
    <subfield code="y">RN</subfield>
  </datafield>
  <datafield tag="952" ind1=" " ind2=" ">
    <subfield code="0">0</subfield>
    <subfield code="1">0</subfield>
    <subfield code="4">0</subfield>
    <subfield code="7">0</subfield>
    <subfield code="a">BCEJYS</subfield>
    <subfield code="b">BCEJYS</subfield>
    <subfield code="c">17</subfield>
    <subfield code="d">2008-02-01</subfield>
    <subfield code="h">N&#xBA; 176 - feb. 2008</subfield>
    <subfield code="l">0</subfield>
    <subfield code="o">H338 DOC 176</subfield>
    <subfield code="p">R09478</subfield>
    <subfield code="r">2026-04-10 16:08:02</subfield>
    <subfield code="w">2026-04-10</subfield>
    <subfield code="y">RN</subfield>
  </datafield>
  <datafield tag="952" ind1=" " ind2=" ">
    <subfield code="0">0</subfield>
    <subfield code="1">0</subfield>
    <subfield code="4">0</subfield>
    <subfield code="7">0</subfield>
    <subfield code="a">BCEJYS</subfield>
    <subfield code="b">BCEJYS</subfield>
    <subfield code="c">17</subfield>
    <subfield code="d">2008-01-01</subfield>
    <subfield code="h">N&#xBA; 172 - ene. 2008</subfield>
    <subfield code="l">0</subfield>
    <subfield code="o">H338 DOC 172</subfield>
    <subfield code="p">R09479</subfield>
    <subfield code="r">2026-04-10 16:08:02</subfield>
    <subfield code="w">2026-04-10</subfield>
    <subfield code="y">RN</subfield>
  </datafield>
  <datafield tag="952" ind1=" " ind2=" ">
    <subfield code="0">0</subfield>
    <subfield code="1">0</subfield>
    <subfield code="4">0</subfield>
    <subfield code="7">0</subfield>
    <subfield code="a">BCEJYS</subfield>
    <subfield code="b">BCEJYS</subfield>
    <subfield code="c">17</subfield>
    <subfield code="d">2006-08-01</subfield>
    <subfield code="h">N&#xBA; 101 - ago. 2006</subfield>
    <subfield code="l">0</subfield>
    <subfield code="o">H338 DOC 101</subfield>
    <subfield code="p">R09480</subfield>
    <subfield code="r">2026-04-10 16:08:02</subfield>
    <subfield code="w">2026-04-10</subfield>
    <subfield code="y">RN</subfield>
  </datafield>
  <datafield tag="952" ind1=" " ind2=" ">
    <subfield code="0">0</subfield>
    <subfield code="1">0</subfield>
    <subfield code="4">0</subfield>
    <subfield code="7">0</subfield>
    <subfield code="a">BCEJYS</subfield>
    <subfield code="b">BCEJYS</subfield>
    <subfield code="c">17</subfield>
    <subfield code="d">2006-03-01</subfield>
    <subfield code="h">N&#xBA; 74 - mar. 2006</subfield>
    <subfield code="l">0</subfield>
    <subfield code="o">H338 DOC 74</subfield>
    <subfield code="p">R05311</subfield>
    <subfield code="r">2026-04-10 16:08:02</subfield>
    <subfield code="w">2026-04-10</subfield>
    <subfield code="y">RN</subfield>
  </datafield>
  <datafield tag="952" ind1=" " ind2=" ">
    <subfield code="0">0</subfield>
    <subfield code="1">0</subfield>
    <subfield code="4">0</subfield>
    <subfield code="7">0</subfield>
    <subfield code="a">BCEJYS</subfield>
    <subfield code="b">BCEJYS</subfield>
    <subfield code="c">17</subfield>
    <subfield code="d">2006-01-01</subfield>
    <subfield code="h">N&#xBA; 70 - ene. 2006</subfield>
    <subfield code="l">0</subfield>
    <subfield code="o">H338 DOC 70</subfield>
    <subfield code="p">R01888</subfield>
    <subfield code="r">2026-04-10 16:08:02</subfield>
    <subfield code="w">2026-04-10</subfield>
    <subfield code="y">RN</subfield>
  </datafield>
  <datafield tag="952" ind1=" " ind2=" ">
    <subfield code="0">0</subfield>
    <subfield code="1">0</subfield>
    <subfield code="4">0</subfield>
    <subfield code="7">0</subfield>
    <subfield code="a">BCEJYS</subfield>
    <subfield code="b">BCEJYS</subfield>
    <subfield code="c">17</subfield>
    <subfield code="d">2005-12-01</subfield>
    <subfield code="h">N&#xBA; 55 - dic. 2005</subfield>
    <subfield code="l">0</subfield>
    <subfield code="o">H338 DOC 55</subfield>
    <subfield code="p">R01887</subfield>
    <subfield code="r">2026-04-10 16:08:02</subfield>
    <subfield code="w">2026-04-10</subfield>
    <subfield code="y">RN</subfield>
  </datafield>
  <datafield tag="952" ind1=" " ind2=" ">
    <subfield code="0">0</subfield>
    <subfield code="1">0</subfield>
    <subfield code="4">0</subfield>
    <subfield code="7">0</subfield>
    <subfield code="a">BCEJYS</subfield>
    <subfield code="b">BCEJYS</subfield>
    <subfield code="c">17</subfield>
    <subfield code="d">2005-11-15</subfield>
    <subfield code="h">N&#xBA; 37 - nov. 2005</subfield>
    <subfield code="l">0</subfield>
    <subfield code="o">H338 DOC 37</subfield>
    <subfield code="p">R12468</subfield>
    <subfield code="r">2026-04-10 16:08:02</subfield>
    <subfield code="w">2026-04-10</subfield>
    <subfield code="y">RN</subfield>
  </datafield>
  <datafield tag="952" ind1=" " ind2=" ">
    <subfield code="0">0</subfield>
    <subfield code="1">0</subfield>
    <subfield code="4">0</subfield>
    <subfield code="7">0</subfield>
    <subfield code="a">BCEJYS</subfield>
    <subfield code="b">BCEJYS</subfield>
    <subfield code="c">17</subfield>
    <subfield code="d">2005-11-01</subfield>
    <subfield code="h">N&#xBA; 36 - nov. 2005</subfield>
    <subfield code="l">0</subfield>
    <subfield code="o">H338 DOC 36</subfield>
    <subfield code="p">R01886</subfield>
    <subfield code="r">2026-04-10 16:08:02</subfield>
    <subfield code="w">2026-04-10</subfield>
    <subfield code="y">RN</subfield>
  </datafield>
</record>
